Choses reliés à des éléments - Statistiques

Statistiques générales
  • Ce quiz a été pris 124 fois
  • Le résultat moyen est 16 sur 16
Statistiques - réponses
Par images Réponse % Correct
Air
100%
Air
100%
Air
100%
Air
100%
Eau
100%
Eau
100%
Eau
100%
Eau
100%
Feu
99%
Feu
99%
Feu
99%
Feu
99%
Terre
94%
Terre
94%
Terre
94%
Terre
94%
Aucun quiz correspondant
Distribution des résultats
% des personnes avec chaque résultat
Percentile par nombre de réponses
Votre historique - résultats
Vous n’avez pas pris ce quiz